Информационная технология; Комплекс стандартов и руководящих документов на автоматизированные системы; ГОСТ 34.201-89 Информационная технология. Комплекс стандартов на автоматизированные системы. Виды, комплектность и обозначение документов при создании автоматизированных систем; ГОСТ 34.602-89 Информационная технология. Комплекс стандартов на автоматизированные системы. Техническое задание на создание автоматизированной системы; РД 50-682-89 Методические указания. Информационная технология. Комплекс стандартов и руководящих документов на автоматизированные системы. Основные положения

Bibliografische gegevens
Coauteur: СССР Государственный комитет по управлению качеством продукции и стандартам (Госстандарт)
Taal:Russisch
Gepubliceerd in: Москва, Изд-во стандартов, 1989
Editie:Изд. офиц.
TOC:ГОСТ 34.201-89 Информационная технология. Комплекс стандартов на автоматизированные системы. Виды, комплектность и обозначение документов при создании автоматизированных систем;
ГОСТ 34.602-89 Информационная технология. Комплекс стандартов на автоматизированные системы. Техническое задание на создание автоматизированной системы;
РД 50-682-89 Методические указания. Информационная технология. Комплекс стандартов и руководящих документов на автоматизированные системы. Основные положения;
Reeks:Государственные стандарты
Onderwerpen:
Formaat: Boek
KOHA link:https://koha.lib.tpu.ru/cgi-bin/koha/opac-detail.pl?biblionumber=149521

MARC

LEADER 00000nam0a2200000 4500
001 149521
005 20231031145902.0
035 |a (RuTPU)RU\TPU\book\162102 
035 |a RU\TPU\book\162068 
090 |a 149521 
100 |a 20081217d1989 km y0rusy50 ca 
101 0 |a rus 
102 |a RU 
105 |a a l 000zy 
200 1 |a Информационная технология  |a Комплекс стандартов и руководящих документов на автоматизированные системы 
205 |a Изд. офиц. 
210 |a Москва  |c Изд-во стандартов  |d 1989 
215 |a 35 с. 
225 1 |a Государственные стандарты 
464 |t ГОСТ 34.201-89 Информационная технология. Комплекс стандартов на автоматизированные системы. Виды, комплектность и обозначение документов при создании автоматизированных систем 
464 |t ГОСТ 34.602-89 Информационная технология. Комплекс стандартов на автоматизированные системы. Техническое задание на создание автоматизированной системы 
464 |t РД 50-682-89 Методические указания. Информационная технология. Комплекс стандартов и руководящих документов на автоматизированные системы. Основные положения 
610 1 |a ГОСТы 
610 1 |a информационные технологии 
610 1 |a стандарты 
610 1 |a руководящие документы 
610 1 |a автоматизированные системы 
610 1 |a типы 
610 1 |a требования 
610 1 |a термины 
610 1 |a определения 
610 1 |a локальные вычислительные сети 
712 0 1 |a СССР  |b Государственный комитет по управлению качеством продукции и стандартам (Госстандарт)  |c (1989-1991)  |2 stltpush  |3 (RuTPU)RU\TPU\col\12455 
801 1 |a RU  |b 63413507  |c 20021204  |g PSBO 
801 2 |a RU  |b 63413507  |c 20221208  |g PSBO 
942 |c BK